A kandidátusi értekezés vitájából. Heksch Ágnes Imre Sándor művelődéspolitikai rendszere, a nemzetnevelés /

Elmentve itt :
Bibliográfiai részletek
Szerzők: Simon Péterné
Heksch Ágnes
Dokumentumtípus: Cikk
Megjelent: 1969
Sorozat:Magyar pedagógia : a Magyar Tudományos Akadémia Pedagógiai Bizottságának folyóirata 69 No. 3
Kulcsszavak:Imre Sándor, Művelődéspolitika története Magyarország, Neveléstörténet vita, Kandidátusi értekezés, Imre Sándor
Online Access:http://misc.bibl.u-szeged.hu/12267
LEADER 00887nab a2200193 i 4500
001 misc12267
005 20191106141617.0
008 170607s1969 hu o 0|| hun d
022 |a 0025-0260 
040 |a SZTE Miscellanea Repozitórium  |b hun 
041 |a hun 
100 1 |a Simon Péterné 
245 1 2 |a A kandidátusi értekezés vitájából. Heksch Ágnes  |h [elektronikus dokumentum] :  |b Imre Sándor művelődéspolitikai rendszere, a nemzetnevelés /  |c  Simon Péterné 
260 |c 1969 
300 |a 344-348 
490 0 |a Magyar pedagógia : a Magyar Tudományos Akadémia Pedagógiai Bizottságának folyóirata  |v 69 No. 3 
695 |a Imre Sándor, Művelődéspolitika története Magyarország, Neveléstörténet vita, Kandidátusi értekezés, Imre Sándor 
700 0 1 |a Heksch Ágnes  |e aut 
856 4 0 |u http://misc.bibl.u-szeged.hu/12267/1/mp_1969_003_4757_344-348.pdf  |z Dokumentum-elérés